[Event "11e Open International de La Fere"]
[Site "La Fere (FRA)"]
[Date "2012.07.07"]
[Round "1.1"]
[White "Degraeve, Jean-Marc"]
[Black "Soveaux, Jean"]
[Result "1-0"]
[WhiteElo "2580"]
[BlackElo "1834"]
[PlyCount "61"]
[EventDate "2012.??.??"]

1. e4 c5 2. Nf3 Nc6 3. Bb5 d6 4. Bxc6+ bxc6 5. O-O Nf6 6. Re1 e5 7. c3 Be7 8.
d4 cxd4 9. cxd4 Qc7 10. dxe5 dxe5 11. b3 O-O 12. Bb2 Bd6 13. Qc2 Bb7 14. Nbd2
Rfe8 15. Nc4 Nd7 16. Rac1 f6 17. Red1 Bf8 18. Ba3 c5 19. Nfd2 Rac8 20. Nf1 Nb6
21. Nfe3 Ba8 22. f3 g6 23. Rd3 Red8 24. Rc3 Kg7 25. Nb2 Nd7 26. Na4 Qc6 27.
Nxc5 Nxc5 28. Bxc5 Bxc5 29. Rxc5 Qb6 30. Rxc8 Qxe3+ 31. Qf2 1-0

[Event "11e Open International de La Fere"]
[Site "La Fere (FRA)"]
[Date "2012.07.07"]
[Round "1.2"]
[White "Vandervorst, Marc"]
[Black "Georgiev, Vladimir"]
[Result "0-1"]
[WhiteElo "1833"]
[BlackElo "2562"]
[PlyCount "51"]
[EventDate "2012.??.??"]

1. e4 c5 2. c3 d5 3. e5 Nc6 4. Bb5 Bf5 5. Nf3 e6 6. d4 Qb6 7. Bxc6+ bxc6 8. O-O
Bg4 9. dxc5 Bxc5 10. h3 Bh5 11. b4 Be7 12. Nbd2 a5 13. Qb3 a4 14. Qb2 g5 15. g4
Bg6 16. a3 h5 17. Nh2 hxg4 18. hxg4 Bd3 19. Re1 Rxh2 20. Re3 Rh4 21. Rxd3 Rxg4+
22. Kf1 Qb5 23. Qc2 Nh6 24. Nf3 Nf5 25. Qe2 Re4 26. Re3 0-1

[Event "11e Open International de La Fere"]
[Site "La Fere (FRA)"]
[Date "2012.07.07"]
[Round "1.3"]
[White "Jerez Perez, Alfonso"]
[Black "Picart, Alban"]
[Result "1-0"]
[WhiteElo "2407"]
[BlackElo "1820"]
[PlyCount "85"]
[EventDate "2012.??.??"]

1. e4 e6 2. d4 c6 3. Nc3 a6 4. f4 d5 5. Nf3 dxe4 6. Nxe4 Nd7 7. Bd3 Ngf6 8. Qe2
c5 9. f5 cxd4 10. fxe6 fxe6 11. O-O Be7 12. Neg5 Nf8 13. Ne5 Qc7 14. Ngf7 Rg8
15. Bf4 Qc5 16. b4 Qxb4 17. Rab1 Qc5 18. Bd2 N8d7 19. Kh1 Nxe5 20. Nxe5 Bd6 21.
Nc4 Bc7 22. Bb4 Qh5 23. Qxh5+ Nxh5 24. Bxh7 Ng3+ 25. hxg3 Rh8 26. Rf8+ Rxf8 27.
Bg6+ Kd7 28. Bxf8 b5 29. Nd2 Bxg3 30. Rf1 Kc7 31. Rf7+ Kb6 32. Bxg7 Ka5 33.
Bxd4 e5 34. Rf3 Bf4 35. Nb3+ Kb4 36. Be4 Bb7 37. Bc5+ Kc4 38. Bxb7 Rd8 39. Rd3
Rxd3 40. cxd3+ Kxd3 41. Bxa6 e4 42. Bxb5+ Kc2 43. Nd4+ 1-0

[Event "11e Open International de La Fere"]
[Site "La Fere (FRA)"]
[Date "2012.07.07"]
[Round "1.4"]
[White "Cazacu, Gabriela"]
[Black "Godart, Francois"]
[Result "0-1"]
[WhiteElo "1814"]
[BlackElo "2317"]
[PlyCount "100"]
[EventDate "2012.??.??"]

1. d4 Nf6 2. c4 e5 3. dxe5 Ng4 4. Nf3 Bc5 5. e3 Nc6 6. Be2 O-O 7. O-O Re8 8.
Nc3 Ngxe5 9. Ne4 Bf8 10. Qc2 d6 11. Neg5 g6 12. Rd1 Bf5 13. e4 Nxf3+ 14. Bxf3
Bd7 15. Be2 Qe7 16. c5 h6 17. cxd6 cxd6 18. Nf3 Qxe4 19. Qxe4 Rxe4 20. Bd3 Ree8
21. Bf4 Rad8 22. a3 Be6 23. Rac1 Bg7 24. Rd2 g5 25. Be3 g4 26. Ne1 Na5 27. Rc7
Rc8 28. Rxc8 Rxc8 29. Rc2 Rxc2 30. Nxc2 Bxb2 31. Bxa7 Nc4 32. Bb8 d5 33. a4 Ne5
34. Bb5 f6 35. a5 d4 36. a6 bxa6 37. Bxa6 Bf5 38. Nb4 d3 39. Nxd3 Nxd3 40. Bc4+
Kg7 41. Ba7 Nf4 42. Be3 Bd3 43. Bxd3 Nxd3 44. Kf1 Bc3 45. f3 gxf3 46. gxf3 Be5
47. Bg1 Kg6 48. Kg2 Ne1+ 49. Kf2 Bd4+ 50. Kxe1 Bxg1 0-1

[Event "11e Open International de La Fere"]
[Site "La Fere (FRA)"]
[Date "2012.07.07"]
[Round "1.5"]
[White "Mancini, Mario"]
[Black "Obert, Julien"]
[Result "1-0"]
[WhiteElo "2282"]
[BlackElo "1810"]
[PlyCount "73"]
[EventDate "2012.??.??"]

1. d4 Nf6 2. c4 g6 3. g3 Bg7 4. Bg2 O-O 5. Nc3 d6 6. Nf3 c5 7. O-O Nc6 8. d5
Na5 9. Nd2 Bd7 10. Qc2 a6 11. b3 b5 12. Bb2 bxc4 13. bxc4 Rb8 14. Rab1 Bh6 15.
f4 Qc8 16. Nd1 Bg7 17. Nf2 Qc7 18. e4 Rxb2 19. Rxb2 Ng4 20. Nxg4 Bxg4 21. Rbb1
Bd4+ 22. Kh1 Be3 23. Nf3 Bxf3 24. Rxf3 Bd4 25. Ra3 Rb8 26. Bf1 Rb4 27. Ra4 Qb6
28. Raxb4 cxb4 29. Qa4 Bc3 30. Qe8+ Kg7 31. Qxe7 Qe3 32. Bg2 Nxc4 33. e5 dxe5
34. fxe5 Nxe5 35. Rf1 Qb6 36. d6 Qb5 37. d7 1-0

[Event "11e Open International de La Fere"]
[Site "La Fere (FRA)"]
[Date "2012.07.07"]
[Round "1.6"]
[White "Poulain, Andre"]
[Black "Forthofer, Robert"]
[Result "1/2-1/2"]
[WhiteElo "1806"]
[BlackElo "2259"]
[PlyCount "55"]
[EventDate "2012.??.??"]

1. e4 c5 2. Nc3 b6 3. f4 Bb7 4. Bc4 e6 5. Nf3 Nf6 6. d3 d5 7. Bb5+ Bc6 8. Bxc6+
Nxc6 9. e5 d4 10. exf6 dxc3 11. bxc3 Qxf6 12. Bd2 Bd6 13. g3 O-O 14. O-O Rfe8
15. Ng5 Bc7 16. Ne4 Qg6 17. Qf3 Ne7 18. Rae1 Rad8 19. c4 Nf5 20. Bc3 Nd4 21.
Bxd4 Rxd4 22. f5 Qh6 23. fxe6 Qxe6 24. Nf6+ gxf6 25. Rxe6 Rxe6 26. Qa8+ Rd8 27.
Qxa7 Be5 28. Kg2 1/2-1/2

[Event "11e Open International de La Fere"]
[Site "La Fere (FRA)"]
[Date "2012.07.07"]
[Round "1.7"]
[White "Llaneza Vega, Patricia"]
[Black "Galoppa, Ludovic"]
[Result "1-0"]
[WhiteElo "2225"]
[BlackElo "1799"]
[PlyCount "61"]
[EventDate "2012.??.??"]

1. e4 c5 2. Nf3 e6 3. d4 cxd4 4. Nxd4 a6 5. Nc3 Qc7 6. Bd3 Nf6 7. Qe2 Nc6 8.
Nxc6 dxc6 9. O-O Be7 10. e5 Nd5 11. Re1 Bd7 12. Qg4 g6 13. Bg5 Qd8 14. Bxe7
Qxe7 15. Ne4 O-O 16. Rad1 Rad8 17. c4 f5 18. exf6 Nxf6 19. Qh4 Bc8 20. Bc2 Rxd1
21. Rxd1 Nd5 22. Qh6 Nf6 23. Qg5 Kg7 24. h4 h6 25. Qe5 Rd8 26. Nxf6 Rxd1+ 27.
Bxd1 Qxf6 28. Qc7+ Qf7 29. Qxc8 Kf6 30. Qh8+ Kf5 31. Bc2+ 1-0

[Event "11e Open International de La Fere"]
[Site "La Fere (FRA)"]
[Date "2012.07.07"]
[Round "1.8"]
[White "Brobecker, Alain"]
[Black "Bardoux, Thierry"]
[Result "0-1"]
[WhiteElo "1793"]
[BlackElo "2157"]
[PlyCount "60"]
[EventDate "2012.??.??"]

1. c4 Nf6 2. g3 g6 3. Bg2 Bg7 4. Nc3 O-O 5. Nf3 d6 6. d4 Nc6 7. O-O a6 8. e4
Rb8 9. d5 Na5 10. Qd3 c5 11. Bf4 b5 12. b3 Nd7 13. Rab1 bxc4 14. bxc4 Rxb1 15.
Rxb1 Nb6 16. Nd2 Qc7 17. Nd1 Bd7 18. Qa3 Na4 19. Bf1 Rb8 20. Nb3 Rb4 21. Qc1
Qb6 22. Nd2 h5 23. Bg5 Kf8 24. Qc2 Nb2 25. a3 Ba4 26. Qc1 Nb3 27. Nxb2 Nxc1 28.
Nxa4 Rxb1 29. Nxb6 Rxb6 30. Bh3 Ke8 0-1

[Event "11e Open International de La Fere"]
[Site "La Fere (FRA)"]
[Date "2012.07.07"]
[Round "1.9"]
[White "Feryn, Alexandre"]
[Black "De Brouwere, Johan"]
[Result "1-0"]
[WhiteElo "2114"]
[BlackElo "1786"]
[PlyCount "45"]
[EventDate "2012.??.??"]

1. e4 e5 2. Nf3 Nf6 3. Nxe5 d6 4. Nf3 Nxe4 5. d4 d5 6. Bd3 Be7 7. O-O Nc6 8.
Re1 Bg4 9. c3 f5 10. Nbd2 O-O 11. Qb3 Kh8 12. Qxb7 Rf6 13. Qb3 Rb8 14. Qc2 Rg6
15. a3 Bh4 16. g3 h5 17. b4 Bh3 18. Nxe4 fxe4 19. Bxe4 dxe4 20. Qxe4 Qf6 21.
Qxh4 Bg4 22. Qxf6 Rxf6 23. Ne5 1-0

[Event "11e Open International de La Fere"]
[Site "La Fere (FRA)"]
[Date "2012.07.07"]
[Round "1.11"]
[White "Dumas, Victor"]
[Black "Vekemans, Paul"]
[Result "1-0"]
[WhiteElo "2064"]
[BlackElo "1781"]
[PlyCount "49"]
[EventDate "2012.??.??"]

1. e4 c6 2. d4 d5 3. exd5 cxd5 4. c4 Nf6 5. Nc3 e6 6. Nf3 Bb4 7. Bg5 h6 8. Bxf6
gxf6 9. Qb3 Nc6 10. cxd5 exd5 11. O-O-O Be6 12. Bb5 Qd6 13. Rhe1 O-O 14. Re3 a6
15. Be2 Na5 16. Qc2 Nc4 17. Bxc4 dxc4 18. d5 Bd7 19. Ne4 Qf4 20. g3 Qf5 21. Nh4
Qe5 22. f4 Qe7 23. d6 Qe6 24. f5 Qe5 25. Rd5 1-0

[Event "11e Open International de La Fere"]
[Site "La Fere (FRA)"]
[Date "2012.07.07"]
[Round "1.12"]
[White "Vekemans, Sylvain"]
[Black "Sobry, Sebastien"]
[Result "1-0"]
[WhiteElo "1779"]
[BlackElo "2039"]
[PlyCount "81"]
[EventDate "2012.??.??"]

1. c4 Nf6 2. Nc3 c5 3. g3 Nc6 4. Bg2 g6 5. Nf3 Bg7 6. O-O O-O 7. d3 d6 8. Bd2
Rb8 9. Rb1 e6 10. a3 Qe7 11. b4 d5 12. b5 Nd8 13. Bf4 Ra8 14. Qd2 d4 15. Na4
Nh5 16. Bh6 e5 17. Bxg7 Kxg7 18. Ne1 f5 19. Qa5 Ne6 20. Nc2 Nf6 21. Na1 e4 22.
b6 Bd7 23. bxa7 Bxa4 24. Qxa4 b5 25. Rxb5 Rxa7 26. Qb3 Rfa8 27. Nc2 Nc7 28. Rb7
Ra6 29. Rb1 Nce8 30. Rb6 Ra4 31. Rb8 R8a7 32. f3 Nd6 33. Qb6 R4a5 34. fxe4 fxe4
35. Rf1 R7a6 36. Qb2 Nfe8 37. Bxe4 Nxe4 38. Rb7 Nc7 39. dxe4 Ra7 40. Nxd4 cxd4
41. Qxd4+ 1-0

[Event "11e Open International de La Fere"]
[Site "La Fere (FRA)"]
[Date "2012.07.07"]
[Round "1.13"]
[White "Barbaut, Michel"]
[Black "Menjour, Mohamed"]
[Result "1-0"]
[WhiteElo "2032"]
[BlackElo "1770"]
[PlyCount "35"]
[EventDate "2012.??.??"]

1. e4 c6 2. d4 d5 3. Nc3 dxe4 4. Bc4 Nf6 5. f3 Bf5 6. g4 Bg6 7. g5 Nd5 8. fxe4
Nxc3 9. bxc3 Bxe4 10. Nf3 Nd7 11. O-O e6 12. Qe2 Bg6 13. Nh4 Bd6 14. Nxg6 hxg6
15. Rxf7 Bxh2+ 16. Kf1 Ne5 17. Rxg7 Nxc4 18. Qxe6+ 1-0

[Event "11e Open International de La Fere"]
[Site "La Fere (FRA)"]
[Date "2012.07.07"]
[Round "1.14"]
[White "Casier, Fabrice"]
[Black "Mataigne, Jean-Michel"]
[Result "0-1"]
[WhiteElo "1769"]
[BlackElo "2008"]
[PlyCount "48"]
[EventDate "2012.??.??"]

1. c4 g6 2. Nc3 Bg7 3. g3 d6 4. Bg2 e5 5. Nf3 Nc6 6. O-O Nf6 7. d3 O-O 8. Rb1
a5 9. a3 h6 10. b4 axb4 11. axb4 Be6 12. Nd2 d5 13. e4 dxc4 14. dxc4 Bg4 15.
Nf3 Nd4 16. Be3 c6 17. Bxd4 exd4 18. Qxd4 Bxf3 19. Qxd8 Rfxd8 20. Bxf3 Rd3 21.
Ra1 Rxa1 22. Rxa1 Rxc3 23. Ra8+ Kh7 24. Bg2 Rxc4 0-1

[Event "11e Open International de La Fere"]
[Site "La Fere (FRA)"]
[Date "2012.07.07"]
[Round "1.15"]
[White "Thomas, Olivier"]
[Black "Paillard, Maximilien"]
[Result "1-0"]
[WhiteElo "1998"]
[BlackElo "1741"]
[PlyCount "133"]
[EventDate "2012.??.??"]

1. e4 Nc6 2. Nc3 d6 3. f4 g6 4. Nf3 Bg7 5. Bc4 Na5 6. Be2 Nh6 7. d4 f5 8. e5
Nf7 9. O-O O-O 10. b4 Nc6 11. Rb1 e6 12. a4 Ne7 13. Be3 b6 14. Bc4 d5 15. Bd3
Bd7 16. Ra1 Nc6 17. Na2 a5 18. b5 Nb4 19. Nxb4 axb4 20. Qd2 Qe7 21. Rfb1 c5 22.
bxc6 Bxc6 23. Qxb4 Qxb4 24. Rxb4 Rfb8 25. Rab1 Bxa4 26. Rxb6 Rc8 27. Ra1 Bd7
28. Rxa8 Rxa8 29. Bd2 Rc8 30. Bb4 Bh6 31. g3 g5 32. fxg5 Bxg5 33. Kf2 Bd8 34.
Ra6 Kg7 35. c3 h6 36. Ra7 Rc7 37. Rxc7 Bxc7 38. Ke3 Bd8 39. h4 Ba4 40. Nd2 Bb6
41. Kf4 Nh8 42. Nf3 Bb3 43. Ke3 Nf7 44. Kd2 Nd8 45. Bb5 Kf7 46. Ne1 Nb7 47. Ng2
Bd8 48. Nf4 Be7 49. Be2 Bxb4 50. cxb4 Nd8 51. Kc3 Ba4 52. b5 Ke7 53. Kb4 Bc2
54. Kc5 Kd7 55. Kb6 Bb3 56. Ka7 Bc4 57. Kb6 Bb3 58. Bh5 Bc4 59. Ng6 Bd3 60. Nh8
Ke7 61. Ng6+ Kd7 62. Nf4 Bc4 63. Bg6 Bf1 64. Nh5 Be2 65. Nf6+ Ke7 66. Be8 Bc4
67. Kc7 1-0

[Event "11e Open International de La Fere"]
[Site "La Fere (FRA)"]
[Date "2012.07.07"]
[Round "1.16"]
[White "Brugge, Bruno"]
[Black "Vekemans, Denis"]
[Result "0-1"]
[WhiteElo "1735"]
[BlackElo "1980"]
[PlyCount "62"]
[EventDate "2012.??.??"]

1. c4 g6 2. g3 Bg7 3. Bg2 d6 4. Nf3 f5 5. O-O e5 6. d3 Nf6 7. Bg5 a5 8. Nc3 c6
9. Nd2 O-O 10. a3 h6 11. Bxf6 Qxf6 12. Qb3 Na6 13. Na4 Rb8 14. Rab1 Kh7 15. Qc2
h5 16. h4 g5 17. hxg5 Qxg5 18. Nf3 Qf6 19. Bh3 Bh6 20. b4 axb4 21. axb4 Rg8 22.
Kh2 f4 23. Bxc8 fxg3+ 24. fxg3 Rbxc8 25. Nh4 Bf4 26. d4+ Kh8 27. Nf5 Rxg3 28.
Rxf4 exf4 29. e4 Rcg8 30. Qe2 R8g4 31. Kh1 Rh3+ 0-1

[Event "11e Open International de La Fere"]
[Site "La Fere (FRA)"]
[Date "2012.07.07"]
[Round "1.17"]
[White "Derigny, Philippe"]
[Black "Teodorczyk, Ludovic"]
[Result "1-0"]
[WhiteElo "1977"]
[BlackElo "1731"]
[PlyCount "71"]
[EventDate "2012.??.??"]

1. e4 c5 2. c3 d6 3. d4 cxd4 4. cxd4 a6 5. Nc3 g6 6. Be3 Bg7 7. h3 Nf6 8. Nf3
O-O 9. Be2 e6 10. O-O b5 11. Qb3 Nc6 12. Nd2 Nd7 13. d5 Na5 14. Qb4 Nc5 15. a4
Nab7 16. axb5 a5 17. Qc4 Bd7 18. Nb3 Qh4 19. Nxc5 Nxc5 20. Bxc5 Rfc8 21. b4
exd5 22. Qd3 dxc5 23. bxa5 c4 24. Qc2 d4 25. Qd2 Be6 26. Nd5 Bxd5 27. exd5 d3
28. Bf3 Bxa1 29. Rxa1 Qf6 30. Rc1 Rab8 31. b6 Rc5 32. Qb4 Qf4 33. Rd1 Rcc8 34.
b7 Re8 35. a6 Qc7 36. d6 1-0

[Event "11e Open International de La Fere"]
[Site "La Fere (FRA)"]
[Date "2012.07.07"]
[Round "1.18"]
[White "Soriano, Jean-Claude"]
[Black "Mestdagh, Franck"]
[Result "0-1"]
[WhiteElo "1730"]
[BlackElo "1975"]
[PlyCount "44"]
[EventDate "2012.??.??"]

1. d4 c5 2. Nf3 cxd4 3. Nxd4 d6 4. e4 Nf6 5. Bd3 a6 6. f3 e6 7. b3 Qc7 8. Bb2
d5 9. Nd2 Bd6 10. Qe2 Bb4 11. a3 Bc3 12. Rb1 Bxb2 13. Rxb2 Qc3 14. Nxe6 Bxe6
15. Ra2 dxe4 16. Bxe4 Nxe4 17. Qxe4 Nc6 18. Qd3 Qxd3 19. cxd3 O-O-O 20. Kf2
Rxd3 21. Rb2 Rhd8 22. Ne4 Rxb3 0-1

[Event "11e Open International de La Fere"]
[Site "La Fere (FRA)"]
[Date "2012.07.07"]
[Round "1.20"]
[White "Tawegoum, Ivan"]
[Black "Koechler, Thomas"]
[Result "0-1"]
[WhiteElo "1721"]
[BlackElo "1960"]
[PlyCount "78"]
[EventDate "2012.??.??"]

1. e4 e5 2. Nf3 Nc6 3. d4 exd4 4. Bc4 Nf6 5. O-O d6 6. Nxd4 Be7 7. Re1 O-O 8.
c3 Ne5 9. Bb3 c5 10. Nf3 Bg4 11. Nbd2 b5 12. Bd5 Nxd5 13. exd5 Nd3 14. Re3 c4
15. h3 Bh5 16. Ne4 f5 17. Ng3 f4 18. Nxh5 fxe3 19. Bxe3 Qe8 20. Nd4 Qf7 21. Qg4
Nxf2 22. Qxg7+ Qxg7 23. Nxg7 Nxh3+ 24. gxh3 Kxg7 25. Ne6+ Kf6 26. Nxf8 Bxf8 27.
Bd4+ Kf5 28. Re1 a5 29. a3 Bh6 30. Be3 Bg7 31. Bc1 Be5 32. Kf2 Rg8 33. Re3 Bh2
34. Rf3+ Ke4 35. Rf7 Kxd5 36. Rxh7 Rg1 37. Bd2 Rb1 38. a4 Rxb2 39. Ke1 bxa4 0-1

[Event "11e Open International de La Fere"]
[Site "La Fere (FRA)"]
[Date "2012.07.07"]
[Round "1.21"]
[White "Jimenez, Martin"]
[Black "Merbeth, Paul"]
[Result "1-0"]
[WhiteElo "1953"]
[BlackElo "1718"]
[PlyCount "70"]
[EventDate "2012.??.??"]

1. d4 Nf6 2. c4 e6 3. a3 c5 4. dxc5 Bxc5 5. b4 Be7 6. Bb2 d6 7. Nc3 O-O 8. Nf3
b6 9. e4 Bb7 10. Qc2 Nbd7 11. Rd1 a6 12. Bd3 Qc7 13. h3 Rfe8 14. O-O Rac8 15.
Qe2 d5 16. cxd5 exd5 17. Rc1 Qf4 18. Bxa6 Bxa6 19. Qxa6 dxe4 20. Nd5 Ra8 21.
Nxf4 Rxa6 22. Nd4 Bd6 23. Nfe2 Ne5 24. Nb5 Bb8 25. Bd4 Nd5 26. Nec3 Nxc3 27.
Rxc3 h6 28. Rfc1 Nd7 29. Rc8 Kf8 30. Bxg7+ Ke7 31. Rxe8+ Kxe8 32. Bxh6 Ra8 33.
Rc8+ Ke7 34. Bf4 Rxa3 35. Bxb8 Rb3 1-0

[Event "11e Open International de La Fere"]
[Site "La Fere (FRA)"]
[Date "2012.07.07"]
[Round "1.22"]
[White "Nicolas, Christian"]
[Black "Husson, Cybele"]
[Result "1-0"]
[WhiteElo "1716"]
[BlackElo "1937"]
[PlyCount "73"]
[EventDate "2012.??.??"]

1. e4 Nf6 2. e5 Nd5 3. c4 Nb6 4. d4 d6 5. exd6 cxd6 6. Nc3 g6 7. Be3 Bg7 8. Bd3
Nc6 9. Nge2 O-O 10. O-O Nb4 11. b3 Nxd3 12. Qxd3 Bf5 13. Qd2 a5 14. Ng3 Be6 15.
a4 d5 16. c5 Nc8 17. Nb5 Na7 18. Rfc1 Bd7 19. Nxa7 Rxa7 20. Bh6 Ra6 21. Bxg7
Kxg7 22. Rc3 Rf6 23. Qg5 Kh8 24. Qxd5 Qc7 25. Qc4 Rf4 26. Qd3 Bc6 27. Qd2 Rd8
28. Rd3 Bd5 29. Re1 Rh4 30. Qg5 Qf4 31. Qxe7 Rc8 32. Qd7 Be6 33. Rxe6 Qc1+ 34.
Nf1 fxe6 35. Qxc8+ Kg7 36. Qxb7+ Kh6 37. Qf3 1-0

[Event "11e Open International de La Fere"]
[Site "La Fere (FRA)"]
[Date "2012.07.07"]
[Round "1.23"]
[White "Le Kouaghet, Euwen"]
[Black "Durot, Edwige"]
[Result "0-1"]
[WhiteElo "1920"]
[BlackElo "1713"]
[PlyCount "116"]
[EventDate "2012.??.??"]

1. c4 b6 2. d4 Bb7 3. Nc3 e6 4. a3 Nf6 5. Bf4 d6 6. Nf3 Nbd7 7. Qc2 Be7 8. e4
O-O 9. Bd3 Nh5 10. Be3 e5 11. Nd5 Nhf6 12. Nxe7+ Qxe7 13. d5 Nc5 14. h3 Nxd3+
15. Qxd3 Nd7 16. g4 Nc5 17. Qc2 Qf6 18. Nd2 h6 19. b4 Nd7 20. h4 Qe7 21. b5 Nc5
22. Nb3 Nxb3 23. Qxb3 Bc8 24. f3 a5 25. Ke2 Bd7 26. Rag1 Kh7 27. Qd1 Rg8 28.
Qf1 Raf8 29. Qg2 Be8 30. Kd3 f6 31. g5 Qf7 32. Rh3 Qh5 33. Rg3 Bg6 34. a4 f5
35. gxh6 fxe4+ 36. fxe4 gxh6 37. Kd2 Bf7 38. Qh3 Rxg3 39. Rxg3 Rg8 40. Rxg8
Bxg8 41. c5 dxc5 42. Qd7+ Qf7 43. Qxf7+ Bxf7 44. Bxc5 bxc5 45. d6 Be6 46. dxc7
Kg7 47. Kc3 Kf7 48. b6 Bc8 49. Kc4 Ke7 50. Kxc5 Kd7 51. Kd5 Bb7+ 52. Kxe5 Bc6
53. Kf5 Bxa4 54. e5 Bb3 55. Ke4 a4 56. Kd4 a3 57. Kc3 a2 58. Kb2 Be6 0-1

[Event "11e Open International de La Fere"]
[Site "La Fere (FRA)"]
[Date "2012.07.07"]
[Round "1.24"]
[White "Louis, Andre"]
[Black "Urbaniak, Patrick"]
[Result "0-1"]
[WhiteElo "1709"]
[BlackElo "1918"]
[PlyCount "96"]
[EventDate "2012.??.??"]

1. e4 c5 2. Nf3 d6 3. d4 cxd4 4. Nxd4 Nf6 5. Nc3 a6 6. Be2 e6 7. O-O Be7 8. Be3
O-O 9. f4 Qc7 10. a4 Nc6 11. Kh1 b6 12. Nxc6 Qxc6 13. Bf3 e5 14. Nd5 Nxd5 15.
exd5 Qc7 16. Qd2 Bf5 17. Rac1 Rac8 18. g4 Bd7 19. b3 b5 20. axb5 Bxb5 21. c4
Bd7 22. f5 Rb8 23. Qd3 Rb7 24. Be4 f6 25. Rg1 Rfb8 26. Rc3 Qa5 27. Bd2 Qa3 28.
Rb1 Qc5 29. Be3 Qc8 30. Ra1 Rb4 31. Ra3 Qb7 32. h4 a5 33. g5 a4 34. bxa4 Bxa4
35. gxf6 Bxf6 36. Bg5 Qe7 37. Qe3 h6 38. Bxf6 Qxf6 39. Qg3 Bb5 40. Bd3 e4 41.
Bxe4 Bxc4 42. Rc1 Be2 43. Re3 Bh5 44. Ree1 Bf7 45. Rc3 Rxe4 46. Rxe4 Bxd5 47.
Qf4 Rb4 48. Rce3 Qe7 0-1

[Event "11e Open International de La Fere"]
[Site "La Fere (FRA)"]
[Date "2012.07.07"]
[Round "1.25"]
[White "Perrin, Yves"]
[Black "Van Poucke, Philippe"]
[Result "0-1"]
[WhiteElo "1890"]
[BlackElo "1700"]
[PlyCount "62"]
[EventDate "2012.??.??"]

1. e4 e5 2. Bc4 Nc6 3. c3 Nf6 4. d3 a6 5. a4 d6 6. Ne2 Be6 7. Na3 d5 8. exd5
Bxd5 9. O-O Bxa3 10. Bxd5 Qxd5 11. Rxa3 O-O 12. Qc2 Rad8 13. Rd1 Rd6 14. Ng3
Rfd8 15. Qe2 Na5 16. Nf5 R6d7 17. Bg5 Qe6 18. Ne3 c5 19. c4 h6 20. Bh4 g5 21.
Bg3 Nc6 22. Nc2 e4 23. Ne3 Nd4 24. Qd2 Nf5 25. Nf1 Nxg3 26. Nxg3 Qxc4 27. Rc1
Qe6 28. Rxc5 exd3 29. h3 Ne4 30. Nxe4 Qxe4 31. Rcc3 Qe2 0-1

[Event "11e Open International de La Fere"]
[Site "La Fere (FRA)"]
[Date "2012.07.07"]
[Round "1.26"]
[White "Verhaeghe, Koen"]
[Black "Molet, Asher"]
[Result "0-1"]
[WhiteElo "1698"]
[BlackElo "1844"]
[PlyCount "56"]
[EventDate "2012.??.??"]

1. e4 c5 2. d4 cxd4 3. c3 d5 4. exd5 Qxd5 5. cxd4 Nc6 6. Nc3 Qxd4 7. Be3 Qxd1+
8. Rxd1 Bg4 9. f3 Bd7 10. Bc4 e6 11. Nge2 Nf6 12. Nb5 Rc8 13. Nd6+ Bxd6 14.
Rxd6 Ne5 15. Bb3 Ke7 16. Rd2 b6 17. Nc3 Rhd8 18. O-O Bc6 19. Bd4 Ng6 20. Rfd1
Rd7 21. Ne4 Rcd8 22. Nxf6 gxf6 23. g3 Ne5 24. Kf2 Bxf3 25. Bxe5 Bxd1 26. Rxd7+
Rxd7 27. Bf4 Bxb3 28. axb3 Rd3 0-1

[Event "11e Open International de La Fere"]
[Site "La Fere (FRA)"]
[Date "2012.07.07"]
[Round "1.27"]
[White "Rodrigues, Michel"]
[Black "Calonne, Pascal"]
[Result "0-1"]
[WhiteElo "1697"]
[BlackElo "1558"]
[PlyCount "104"]
[EventDate "2012.??.??"]

1. e4 c5 2. Nf3 e6 3. Be2 Nc6 4. O-O Nf6 5. d3 Be7 6. c3 d5 7. e5 Nd7 8. d4
cxd4 9. cxd4 O-O 10. Bb5 a6 11. Bd3 Qb6 12. Nc3 f6 13. Re1 fxe5 14. dxe5 Nc5
15. Bb1 Bd7 16. Qc2 Rf5 17. Be3 Qd8 18. Qd2 Rh5 19. Bc2 Nxe5 20. Nxe5 Rxe5 21.
Bxc5 Rxe1+ 22. Rxe1 Bxc5 23. Nxd5 Bc6 24. Qd3 Qh4 25. Ne3 Rf8 26. g3 Qh3 27.
Qf1 Qxf1+ 28. Kxf1 Bb4 29. Rd1 Bc5 30. Re1 h6 31. a3 Bf3 32. Bb3 Bd5 33. Bxd5
exd5 34. Nd1 Rf7 35. Re5 Rd7 36. Ke2 Ba7 37. Kd3 d4 38. b4 Kf7 39. Nb2 b5 40.
a4 bxa4 41. Nxa4 Rb7 42. Nc5 Rxb4 43. Nxa6 Rb3+ 44. Ke2 Rb2+ 45. Ke1 Kf6 46.
Re2 Rb3 47. Kd2 Kf5 48. f4 Kg4 49. Nc7 Kf3 50. Re1 Bb6 51. Rc1 Ba5+ 52. Kc2
Rc3+ 0-1

[Event "11e Open International de La Fere"]
[Site "La Fere (FRA)"]
[Date "2012.07.07"]
[Round "1.28"]
[White "Bedu, Jean-Pierre"]
[Black "Alloui-Cros, Baptiste"]
[Result "0-1"]
[WhiteElo "1548"]
[BlackElo "1695"]
[PlyCount "40"]
[EventDate "2012.??.??"]

1. d4 Nf6 2. c4 g6 3. Nc3 Bg7 4. e4 d6 5. Bg5 h6 6. Be3 O-O 7. Qd2 Ng4 8. f3
Nxe3 9. Qxe3 Nc6 10. d5 Nd4 11. Qd2 c5 12. O-O-O a6 13. Nge2 Nxe2+ 14. Bxe2 b5
15. a3 Qb6 16. h4 Bd7 17. g4 Rfb8 18. Na2 bxc4 19. Bxc4 Bxb2+ 20. Kc2 Ba4+ 0-1

[Event "11e Open International de La Fere"]
[Site "La Fere (FRA)"]
[Date "2012.07.07"]
[Round "1.29"]
[White "Rouffignac, Marie"]
[Black "Brugge, Rodolphe"]
[Result "1-0"]
[WhiteElo "1689"]
[BlackElo "1547"]
[PlyCount "87"]
[EventDate "2012.??.??"]

1. e4 e5 2. Nc3 Nf6 3. f4 d6 4. Nf3 Nc6 5. Bb5 exf4 6. d4 Bd7 7. Bxf4 a6 8. Be2
Bg4 9. O-O Be7 10. d5 Nb8 11. Nd4 Bxe2 12. Qxe2 O-O 13. Qf3 Qd7 14. Nf5 g6 15.
Nxe7+ Qxe7 16. Bg5 Nbd7 17. Bxf6 Nxf6 18. Qxf6 Qxf6 19. Rxf6 Kg7 20. Raf1 b5
21. a3 Rab8 22. b4 h5 23. R1f3 Rbe8 24. Kf2 Re5 25. Ke3 Rg5 26. g3 Rg4 27. h3
Rxg3 28. Rxf7+ Rxf7 29. Rxg3 h4 30. Rf3 Re7 31. Ne2 g5 32. Nd4 Kg6 33. Rf8 Kh5
34. Rh8+ Kg6 35. Ra8 g4 36. Rg8+ Rg7 37. Rxg7+ Kxg7 38. Nf5+ Kg6 39. Nxh4+ Kg5
40. hxg4 Kxh4 41. Kf4 Kh3 42. g5 Kh4 43. g6 Kh5 44. g7 1-0

[Event "11e Open International de La Fere"]
[Site "La Fere (FRA)"]
[Date "2012.07.07"]
[Round "1.30"]
[White "Alloui-Cros, Alix"]
[Black "Chevance, Gerard"]
[Result "1/2-1/2"]
[WhiteElo "1540"]
[BlackElo "1684"]
[PlyCount "43"]
[EventDate "2012.??.??"]

1. e4 d5 2. exd5 Qxd5 3. d3 Nf6 4. Nc3 Qd8 5. Nf3 g6 6. Bf4 c6 7. Be2 Bg7 8.
Qd2 O-O 9. Bh6 Nbd7 10. h3 Re8 11. Bxg7 Kxg7 12. g4 e5 13. g5 Nd5 14. Ne4 Qc7
15. h4 Nf4 16. O-O-O f5 17. gxf6+ Nxf6 18. Nxf6 Kxf6 19. Rdg1 Bf5 20. Rg3 Rad8
21. Nh2 Nxe2+ 22. Qxe2 1/2-1/2

[Event "11e Open International de La Fere"]
[Site "La Fere (FRA)"]
[Date "2012.07.07"]
[Round "1.31"]
[White "Dagnicourt, Francis"]
[Black "Boulnois, Boris"]
[Result "1/2-1/2"]
[WhiteElo "1668"]
[BlackElo "1540"]
[PlyCount "89"]
[EventDate "2012.??.??"]

1. d4 d5 2. Nf3 Nf6 3. c4 e6 4. Nc3 c5 5. cxd5 Nxd5 6. e3 Nc6 7. Bb5 Bd7 8.
Nxd5 exd5 9. Bxc6 Bxc6 10. O-O cxd4 11. exd4 Be7 12. Bf4 O-O 13. Ne5 Bf6 14.
Rc1 Bxe5 15. Bxe5 Re8 16. Rc3 f6 17. Bg3 Qe7 18. Re3 Qf7 19. Rfe1 Rad8 20. Bf4
Qg6 21. b4 Re4 22. Bg3 Rde8 23. Qb3 Rxd4 24. Bd6 Rc4 25. Rxe8+ Bxe8 26. h3 a6
27. Qf3 Bc6 28. a3 d4 29. Qg3 Qxg3 30. Bxg3 d3 31. Rd1 Rd4 32. Rd2 Ba4 33. f3
Bc2 34. Kf2 Rc4 35. Bd6 Rc3 36. Ke3 Rxa3 37. Kd4 b6 38. Kd5 Rb3 39. Kc6 a5 40.
b5 a4 41. Kxb6 a3 42. Bxa3 Rxa3 43. Kb7 Ra2 44. b6 Bb1 45. Rd1 1/2-1/2

[Event "11e Open International de La Fere"]
[Site "La Fere (FRA)"]
[Date "2012.07.07"]
[Round "1.32"]
[White "Marlein, Jacques"]
[Black "Caloone, Thomas"]
[Result "1-0"]
[WhiteElo "1530"]
[BlackElo "1660"]
[PlyCount "39"]
[EventDate "2012.??.??"]

1. e4 d5 2. exd5 Nf6 3. d4 Bg4 4. Be2 Bxe2 5. Nxe2 Qxd5 6. O-O Nc6 7. Nbc3 Qd7
8. d5 Nb4 9. Nf4 O-O-O 10. Qd4 Nc6 11. Qa4 Nb8 12. Nb5 Na6 13. Nxa7+ Kb8 14.
Nc6+ bxc6 15. dxc6 Qc8 16. Be3 e5 17. Rad1 Rxd1 18. Rxd1 exf4 19. Rd8 Qxd8 20.
Qb5+ 1-0